000 01060nam a2200265 a 4500
001 26153
003 CO-ViMGA
005 20230915223755.0
008 141112s2004 ck r 000 u spa d
015 _ack - 2013 - xxxx
020 _a9789582423520
040 _aCO-ViMGA
_bspa
_cCO-ViMGA
082 0 4 _a510.7 G17c 11
245 1 0 _aLos caminos del saber :
_bmatemáticas 11 /
_cLida García Buitrago ... [et al.] ; ilustradores Diomedes Guilombo Ramírez ... [et al.].
250 _aEditora Diana Constanza Salgado Ramírez.
260 _aBogotá :
_bEditorial Santillana,
_c2013.
300 _a336 p. : il. ; 28 cm.
490 0 _aLos caminos del saber matemáticas
500 _aTexto para la enseñanza del área de formación de matemáticas para el grado once de educación básica secundaria. Edición alumno.
504 _aIncluye bibliografía e índice.
650 1 4 _aMatemáticas - Enseñanza secundaria.
700 1 _aGarcía Buitrago, Lida.
_94566
942 _2ddc
_cBK
949 _ac n
999 _c10335
_d10335